[Event "Rome"]
[Site "Rome"]
[Date "1988.??.??"]
[Round "?"]
[White "Tatai, Stefano"]
[Black "Todorcevic, Miodrag"]
[Result "1/2-1/2"]
[WhiteElo "2380"]
[BlackElo "2475"]

1.d4 g6 2.c4 Bg7 3.Nc3 d6 4.e4 Nd7 5.Nf3 e5 6.Be2 Ngf6 7.O-O O-O 8.Qc2 exd4
9.Nxd4 c6 10.Rd1 Qe7 11.Rb1 Nc5 12.f3 a5 13.Bf4 Ne8 14.Qd2 a4 15.Bf1 Be5
16.Be3 Nc7 17.Re1 N7e6 18.f4 Nxd4 19.Bxd4 Bxd4+ 20.Qxd4 Ne6 21.Qe3 Qf6 22.g3 g5
23.f5 Nd4 24.Red1 c5 25.Nd5 Qg7 26.f6 Qh6 27.Rxd4 cxd4 28.Qxd4 Be6 29.Ne7+ Kh8
30.Bd3 g4 31.Rf1 Qg5 32.Nf5 a3 33.Nxd6 axb2 34.Bb1 Ra3 35.Rf4 Qa5 36.Kg2 Qe1
37.Rf1 Qc3 38.Qxc3 Rxc3 39.Rf2 Bxc4 40.Rxb2 Be6 41.Rxb7 Rc6 42.Nf5 Bxf5 43.exf5 Rd8
44.Rb2 Rcd6 45.Kf2 h5 46.Ke3 Kh7 47.a4 Kh6 48.a5 Ra6 49.Rb7 Rxf6 50.Bd3 Re8+
51.Kd2 Rd6 52.Rb3 Red8 53.Ra3 Rd5 54.Ke3 Re5+ 55.Kd2 Rxf5 56.a6 Rf2+ 57.Ke1 Rf6
58.Kd2 Rfd6 59.Ke3 Re6+ 60.Kf4 Re7 61.Kf5 Rd5+ 62.Kf6 Ra7 63.Rb3 Rd6+ 64.Ke5 Rdxa6
65.Bxa6 Rxa6 66.Rb7 Kg5 67.Ke4 Re6+ 68.Kd3 f5 69.Rb8 Ra6 70.Rg8+ Rg6 71.Rh8 h4
72.Rxh4 f4 73.Rh8 f3 74.Ke3 Re6+ 75.Kf2 Re2+ 76.Kf1 Re4  1/2-1/2

[Event "Saint John op-2"]
[Site "Saint John"]
[Date "1988.??.??"]
[Round "?"]
[White "Lindsay, Fred"]
[Black "Georgiev, Krum"]
[Result "0-1"]
[WhiteElo "2250"]
[BlackElo "2490"]

1.Nf3 Nf6 2.c4 g6 3.Nc3 Bg7 4.e4 d6 5.d4 O-O 6.Be2 e5 7.dxe5 dxe5 8.Qxd8 Rxd8
9.Bg5 Re8 10.O-O-O Na6 11.Ne1 c6 12.Nc2 Nc5 13.f3 a5 14.b3 Be6 15.Kb2 Nfd7
16.Rd2 f5 17.Be3 f4 18.Bf2 Bf8 19.Rhd1 Be7 20.Ne1 g5 21.g4 h5 22.h3 Kf7 23.Bf1 Rh8
24.Bg2 Ke8 25.Bg1 a4 26.Nc2 hxg4 27.hxg4 Nb6 28.Bf1 Ncd7 29.Bf2 Rh1 30.Bg2 Rh7
31.Bf1 Bg8 32.Bg1 axb3 33.axb3 Bc5 34.Bxc5 Nxc5 35.Nb4 Rh1 36.Nd3 Nxb3 37.Kxb3 Nxc4
38.Kc2 Ne3+ 39.Kb2 Rxf1 40.Rxf1 Nxf1 41.Rf2 Ne3 42.Nxe5 Ra5 43.Nd3 Nc4+ 44.Kc2 Ra3
45.Nd1 Ra2+ 46.Kc3 Ra3+ 47.Kc2 Nd6 48.Nc3 Bb3+ 49.Kc1 Nc4 50.Rb2 Nxb2 51.Kxb2 Bc4
52.Kxa3 Bxd3 53.Kb4 b6 54.e5 Ke7 55.Na4 Be2 56.Nxb6 Bxf3  0-1

[Event "Saint John op-2"]
[Site "Saint John"]
[Date "1988.??.??"]
[Round "?"]
[White "Groszpeter, Attila"]
[Black "Scholseth, Tor Kristian"]
[Result "1-0"]
[WhiteElo "2495"]
[BlackElo "2265"]

1.d4 Nf6 2.c4 g6 3.Nc3 Bg7 4.e4 d6 5.Be2 O-O 6.Nf3 e5 7.Be3 Nc6 8.d5 Ne7
9.Nd2 Nd7 10.Qc2 f5 11.f3 Nf6 12.O-O-O c6 13.Kb1 Bd7 14.dxc6 bxc6 15.Nb3 fxe4
16.fxe4 Qc7 17.Qd2 Bg4 18.c5 d5 19.Bxg4 Nxg4 20.exd5 cxd5 21.Nxd5 Nxd5 22.Qxd5+ Kh8
23.Qe4 Nxe3 24.Qxe3 e4 25.Rd6 a5 26.Rc1 Rab8 27.Nd4 Be5 28.Qxe4 Bxd6 29.Ne6 Be5
30.b3 Rf2 31.Re1 Rb2+ 32.Kc1 Rb4 33.Nxc7  1-0

[Event "Saint John op-2"]
[Site "Saint John"]
[Date "1988.??.??"]
[Round "?"]
[White "Nickoloff, Bryon"]
[Black "Damljanovic, Branko"]
[Result "0-1"]
[WhiteElo "2390"]
[BlackElo "2525"]

1.d4 Nf6 2.c4 g6 3.Nc3 Bg7 4.e4 d6 5.Be2 O-O 6.Nf3 e5 7.Be3 Ng4 8.Bg5 f6
9.Bc1 Nc6 10.h3 Nh6 11.Be3 f5 12.exf5 Nxf5 13.Bg5 Qe8 14.dxe5 dxe5 15.O-O h6
16.Bc1 Be6 17.Bd3 Rd8 18.Nd5 Qf7 19.Be3 b5 20.b3 Bxd5 21.cxd5 Qxd5 22.Bxf5 gxf5
23.Qxd5+ Rxd5 24.Rad1 Rxd1 25.Rxd1 f4 26.Bc5 Rf7 27.Rd5 Kh7 28.Kf1 a6 29.Ke2 Kg6
30.Kd3 Kf5 31.Nh4+ Ke6 32.Ke4 Na5 33.a4 Nb7 34.axb5 axb5 35.Ba3 c6 36.Rd2 c5
37.Kd3 Rd7+ 38.Ke2 Rxd2+ 39.Kxd2 Bf6 40.Nf3 e4  0-1

[Event "Saint John op-2"]
[Site "Saint John"]
[Date "1988.??.??"]
[Round "?"]
[White "Linn, G."]
[Black "Dvorietzky, Mark I"]
[Result "1/2-1/2"]
[WhiteElo "2060"]
[BlackElo "2475"]

1.d4 Nf6 2.c4 g6 3.Nc3 Bg7 4.e4 d6 5.Nf3 O-O 6.Be2 e5 7.O-O Nbd7 8.Re1 c6
9.Bf1 a5 10.Bg5 h6 11.Bh4 Re8 12.d5 Nc5 13.b3 Qc7 14.Rc1 Nh5 15.a3 Bg4 16.b4 axb4
17.axb4 Bxf3 18.gxf3 Na6 19.Nb5 cxb5 20.cxb5 Qd7 21.bxa6 bxa6 22.Rc6 Nf4
23.Bg3 Reb8 24.Qd2 Qe7 25.Bxa6 h5 26.Bxf4 exf4 27.Rec1 Be5 28.b5 Kg7 29.Qd3 Qd8
30.Kf1 Rb6 31.Rc8 Rxc8 32.Rxc8 Qf6 33.Rc6 Bd4 34.Rxb6 Bxb6 35.Qd2 Qe5 36.Kg2 Kf6
37.h3 Kg5 38.Kh2 Kh4 39.Bc8 g5 40.Bf5 Qa1 41.Kg2  1/2-1/2

[Event "Saint John op-1"]
[Site "Saint John"]
[Date "1988.??.??"]
[Round "?"]
[White "Linn, G."]
[Black "Minaya, Juan M"]
[Result "0-1"]
[WhiteElo "2060"]
[BlackElo "2305"]

1.d4 Nf6 2.c4 g6 3.Nc3 Bg7 4.e4 O-O 5.Nf3 d6 6.Be2 Nbd7 7.O-O e5 8.Be3 c6
9.h3 exd4 10.Nxd4 Re8 11.Qc2 Qe7 12.f3 Nc5 13.Bf2 Nh5 14.Qd2 Be5 15.b4 Ne6
16.Nxe6 Bxe6 17.Rfe1 Bf4 18.Qc2 Ng3 19.Bxg3 Bxg3 20.Red1 Qh4 21.Bf1 Be5 22.g4 Qg3+
23.Bg2 Bxc4 24.Rab1 Qh2+ 25.Kf2 Bg3+ 26.Ke3 d5 27.Rh1 Bf4+ 28.Kf2 Qg3+ 29.Kg1 Be3+  0-1

[Event "Saint John op-2"]
[Site "Saint John"]
[Date "1988.??.??"]
[Round "?"]
[White "Semkov, Semko"]
[Black "Zapata, Alonso"]
[Result "1/2-1/2"]
[WhiteElo "2470"]
[BlackElo "2500"]

1.d4 Nf6 2.c4 d6 3.Nc3 Nbd7 4.e4 e5 5.Nf3 g6 6.Be2 Bg7 7.O-O O-O 8.Be3 Ng4
9.Bg5 f6 10.Bc1 a5 11.dxe5 dxe5 12.b3 Re8 13.Qc2 c6 14.Ba3 Bf8 15.Bxf8 Rxf8
16.Na4 f5 17.Rad1 Qe7 18.c5 fxe4 19.Nd2 Ndf6 20.Nb6 e3 21.Nxc8 Raxc8 22.Bxg4 Nxg4
23.Qc4+ Kh8 24.Qxg4 exd2 25.Rxd2 Qxc5 26.Rd7 Rcd8 27.Rxb7 Rf4 28.Qe2 Rdf8
29.h3 Kg8 30.Qd2 e4 31.Qb2 R8f6 32.Rd1 Qxf2+ 33.Qxf2 Rxf2 34.Rd8+ Rf8 35.Rxf8+ Rxf8
36.Re7 Rf4 37.Re5 a4 38.bxa4 e3 39.Rxe3 Rxa4 40.a3 Kf7 41.Kf2 Rc4 42.g3 h5
43.Ke2 c5 44.Kd3 Ra4 45.Kc2 c4 46.Kb2 Kf6 47.Re8 Ra6 48.Re3 Kf5 49.Rc3 Ra4
50.Re3 g5 51.Kc2 h4 52.Kd2 Ra8 53.Rc3 Ra4 54.Re3 Ra5 55.Rc3 Rc5 56.Re3 Ra5
57.Rc3 hxg3 58.Rxg3 Ke6 59.Kc2 Kd6 60.Rc3 Rc5 61.Rg3 Ra5 62.Rf3  1/2-1/2

[Event "Saint John op-1"]
[Site "Saint John"]
[Date "1988.??.??"]
[Round "?"]
[White "Inkiov, Ventzislav"]
[Black "Toshkov, Tihomir"]
[Result "1-0"]
[WhiteElo "2490"]
[BlackElo "2395"]

1.d4 Nf6 2.c4 g6 3.Nc3 Bg7 4.Nf3 O-O 5.e4 d6 6.Be2 Nbd7 7.O-O e5 8.Be3 c6
9.Qc2 Qe7 10.Rad1 Nh5 11.b4 a5 12.a3 axb4 13.axb4 Nf4 14.Bxf4 exf4 15.c5 dxc5
16.bxc5 h5 17.e5 b6 18.Bc4 Ba6 19.Bxa6 Rxa6 20.cxb6 Nxb6 21.Ne4 Qe6 22.Nc5 Qa2
23.Qe4 Ra7 24.e6 Qd5 25.exf7+ Raxf7 26.Qxg6 Rf6 27.Qc2 Qc4 28.Qb1 Nd5 29.Nd7 Nc3
30.Nxf6+ Rxf6 31.Qd3 Ne2+ 32.Kh1 Qxd3 33.Rxd3  1-0

[Event "Wch-blitz"]
[Site "Saint John"]
[Date "1988.??.??"]
[Round "4"]
[White "Georgiev, Kiril"]
[Black "Vaganian, Rafael A"]
[Result "0-1"]
[WhiteElo "2595"]
[BlackElo "2625"]

1.Nf3 Nf6 2.c4 d6 3.d4 Nbd7 4.Nc3 e5 5.e4 g6 6.Be2 Bg7 7.O-O O-O 8.Be3 h6
9.dxe5 dxe5 10.Nd2 c6 11.c5 Qe7 12.b4 b6 13.Nb3 a5 14.bxa5 bxc5 15.f3 Nh5
16.Na4 Nf4 17.Naxc5 Rd8 18.Nxd7 Rxd7 19.Qe1 Nxe2+ 20.Qxe2 Ba6 21.Qc2 Bxf1
22.Rxf1 Qd6 23.Bb6 Bf8 24.Nc5 Qd4+ 25.Kh1 Bxc5 26.Bxc5 Qd2 27.Qxd2 Rxd2 28.a3 Rc2
29.Bb6 c5 30.h4 c4 31.Rd1 c3 32.Rd5 Rc8 33.a6 Ra2 34.a7 c2 35.Rc5 c1=Q+ 36.Rxc1 Rxc1+
37.Kh2 Rxa3 38.Kg3 Rca1 39.h5 Rxa7 40.hxg6 fxg6 41.Bc5 R7a2 42.Be3 Kg7 43.f4 Ra3
44.Kf2 Rxe3 45.Kxe3 Ra3+  0-1

[Event "Wch-blitz"]
[Site "Saint John"]
[Date "1988.??.??"]
[Round "4"]
[White "Chernin, Alexander"]
[Black "Tal, Mihail"]
[Result "1/2-1/2"]
[WhiteElo "2560"]
[BlackElo "2630"]

1.d4 Nf6 2.Nf3 g6 3.c4 Bg7 4.Nc3 O-O 5.e4 d6 6.Be2 e5 7.O-O Nbd7 8.Be3 exd4
9.Nxd4 Re8 10.f3 c6 11.Qd2 d5 12.exd5 cxd5 13.Ndb5 dxc4 14.Bxc4 Ne5 15.Qxd8 Rxd8
16.Bb3 Bd7 17.Nd6 Bc6 18.Rad1 Ne8 19.Nde4 h6 20.h3 Nd3 21.Rd2 Nf6 22.Rfd1 Nxe4
23.Nxe4 Bb5 24.a4 Ba6 25.Nc5 Re8 26.Nxa6 Rxe3 27.Nc7 Rf8 28.Nd5 Re1+ 29.Rxe1 Nxe1
30.Kf1 Re8 31.Rd1 Nxf3 32.gxf3 Bxb2 33.Rb1 Bd4 34.Rd1 Bb2 35.Rd2 Bg7 36.Re2 Rxe2
37.Kxe2 Kf8 38.Kd3 Ke8 39.Nc7+ Ke7 40.Nb5 a6 41.Nc3 Kd6 42.Bxf7 g5 43.Ne4+ Ke5
44.Be8 Kf4 45.Ke2 Bd4 46.Bf7 b5 47.axb5 axb5 48.Nd6 b4 49.Bb3 Bc3 50.Ne4 Be5
51.Be6 h5 52.Nf2 Kg3 53.Nd3 Bd6 54.Nf2 Be5 55.Ne4+ Kf4 56.Kf2 Bd4+ 57.Kg2 Bb2
58.Ng3 h4 59.Ne4 Bd4 60.Bb3 Bb2 61.Kf2 Bd4+ 62.Ke2 Be5 63.Nf2 Kg3 64.Be6 Bd4
65.Ne4+ Kf4 66.Nd6 Be5 67.Nc4 Bc3 68.Ne3 Ke5 69.Bb3 Bd4 70.Ng2 Bc3 71.Kd3 Bb2
72.Kc4 Bc3 73.Kb5 Kd4 74.f4 gxf4 75.Nxf4 Ke3 76.Ng6 Kf2 77.Be6 Kg3 78.Kc4 Bd2
79.Ne5 Bc3 80.Nd3 Bd2 81.Nc5 Be3 82.Ne4+ Kf4 83.Kd3 Bb6 84.Nd2 Kg3  1/2-1/2

[Event "Sarajevo"]
[Site "Sarajevo"]
[Date "1988.??.??"]
[Round "?"]
[White "Lalic, Bogdan"]
[Black "Gunawan, Ronny"]
[Result "1-0"]
[WhiteElo "2495"]
[BlackElo "2440"]

1.d4 Nf6 2.c4 g6 3.Nc3 Bg7 4.e4 d6 5.Nf3 O-O 6.Be2 e5 7.Be3 Nc6 8.d5 Ne7
9.Nd2 Ne8 10.f3 f5 11.c5 Nf6 12.Nc4 Kh8 13.a4 Neg8 14.cxd6 cxd6 15.O-O f4
16.Bf2 Ne8 17.Nb5 a6 18.Nb6 Rb8 19.Na3 Bf6 20.a5 h5 21.Rc1 g5 22.Qa4 Nh6
23.Nxc8 Rxc8 24.Bb6 Nc7 25.Rc3 g4 26.Rfc1 Rf7 27.Qc2 Qg8 28.Bxc7 Qg5 29.Bxd6 Rg8
30.Rc8 Qh4 31.Rxg8+ Kxg8 32.Nc4 gxf3 33.Bxf3 Ng4 34.Bxg4 hxg4 35.Nxe5 Rg7
36.Qc8+ Kh7 37.Qf5+ Kh6 38.Bf8  1-0

[Event "Schoeneck op"]
[Site "Schoeneck"]
[Date "1988.??.??"]
[Round "5"]
[White "Simic, Radoslav"]
[Black "Lane, Gary W"]
[Result "1-0"]
[WhiteElo "2485"]
[BlackElo "2410"]

1.d4 Nf6 2.Nf3 g6 3.c4 Bg7 4.Nc3 O-O 5.e4 d6 6.Be2 Nbd7 7.O-O e5 8.Qc2 c6
9.Rd1 Qe7 10.d5 c5 11.a3 Kh8 12.Bg5 a6 13.Nd2 Qe8 14.b4 b6 15.Rab1 Ng8 16.bxc5 bxc5
17.Qa4 f6 18.Bh4 Qe7 19.Qa5 h5 20.h3 Bh6 21.Qc7 Bg5 22.Nf3 Kh7 23.Bd3 Bxh4
24.Nxh4 f5 25.Nf3 Ndf6 26.Qxe7+ Nxe7 27.Rb6 Ne8 28.Bc2  1-0

[Event "URS-FL56"]
[Site "Simferopol"]
[Date "1988.??.??"]
[Round "?"]
[White "Savchenko, Stanislav"]
[Black "Yurtaev, Leonid"]
[Result "1/2-1/2"]
[WhiteElo "2480"]
[BlackElo "2485"]

1.d4 Nf6 2.c4 g6 3.Nc3 Bg7 4.e4 d6 5.Be2 O-O 6.Nf3 e5 7.O-O Na6 8.Bg5 h6
9.Bh4 Qe8 10.Re1 exd4 11.Qxd4 g5 12.Bg3 Nh5 13.Qd2 Nc5 14.Bf1 Bg4 15.Nd4 Nxg3
16.hxg3 c6 17.f3 Bd7 18.Rad1 a5 19.Nb3 Nxb3 20.axb3 Be6 21.Qxd6 Rd8 22.Qxd8 Qxd8
23.Rxd8 Rxd8 24.Kf2 Bd4+ 25.Ke2 Be5 26.g4 b5 27.Rd1 Rb8 28.cxb5 cxb5 29.Ra1 a4
30.b4 Rc8 31.Nxb5 Rc2+ 32.Kd3 Bb3 33.Nc3 Rxb2 34.Nxa4 Rf2 35.Nc3 Kg7 36.Ra5 Bc7
37.Ra7 Be5 38.Be2 Rxg2 39.b5 Rg1 40.Nd5 Rb1 41.Re7 Bg3 42.b6 Bxd5  1/2-1/2

[Event "URS-FL56"]
[Site "Simferopol"]
[Date "1988.??.??"]
[Round "?"]
[White "Malaniuk, Vladimir P"]
[Black "Kovalev, Andrei"]
[Result "1-0"]
[WhiteElo "2520"]
[BlackElo "2440"]

1.d4 Nf6 2.c4 g6 3.Nc3 Bg7 4.e4 d6 5.Nf3 O-O 6.Be2 e5 7.O-O Na6 8.Re1 exd4
9.Nxd4 Re8 10.Bf1 c6 11.Nb3 d5 12.cxd5 cxd5 13.Bg5 h6 14.Bxf6 Qxf6 15.Qxd5 Nb4
16.Qb5 Nc6 17.Rad1 Rb8 18.Re3 Be6 19.Nc5 Nd4 20.Qa4 Bg4 21.e5 Bxd1 22.Qxe8+ Rxe8
23.exf6  1-0

[Event "Sochi"]
[Site "Sochi"]
[Date "1988.??.??"]
[Round "?"]
[White "Polugaevsky, Lev"]
[Black "Watson, William N"]
[Result "1-0"]
[WhiteElo "2590"]
[BlackElo "2500"]

1.Nf3 Nf6 2.c4 g6 3.Nc3 Bg7 4.e4 d6 5.d4 O-O 6.Be2 e5 7.d5 a5 8.O-O Na6 9.Bg5 h6
10.Bh4 Qe8 11.Ne1 g5 12.Bg3 Nxe4 13.Nxe4 f5 14.Bh5 Qe7 15.f3 fxe4 16.fxe4 Nc5
17.Rxf8+ Bxf8 18.Qf3 Qh7 19.Nd3 Nxe4 20.Rf1 Be7 21.Nxe5 Bf5 22.Nf7 Nxg3 23.hxg3 Bd3
24.Re1 Bf8 25.Qf6 Qg7 26.Qe6 Kh7 27.Qd7 Qd4+ 28.Kh2 Bg7 29.Re7 Rg8 30.Ne5 dxe5
31.Bf7 e4 32.Qf5+ Kh8 33.Bxg8 e3 34.Qc8 Qf6 35.Bf7+  1-0

[Event "Stara Pazova"]
[Site "Stara Pazova"]
[Date "1988.??.??"]
[Round "2"]
[White "Indjic, Dusan"]
[Black "Tringov, Georgi P"]
[Result "1/2-1/2"]
[WhiteElo "2370"]
[BlackElo "2430"]

1.d4 Nf6 2.c4 g6 3.Nc3 Bg7 4.e4 d6 5.Nf3 O-O 6.Be2 e5 7.d5 a5 8.Bg5 h6 9.Bh4 Na6
10.Nd2 Qe8 11.a3 Bd7 12.b3 Nh7 13.Rb1 h5 14.f3 Bh6 15.Bf2 Nc5 16.Nb5 Bxb5
17.cxb5 f5 18.O-O Qe7 19.Qc2 fxe4 20.Nxe4 Nxe4 21.Qxe4 Kg7 22.Bd3 Qf7 23.Qc4 Nf6
24.Be4 Bg5 25.h4 Bh6 26.Rb2 Qd7 27.Rc2 Nxe4 28.Qxe4 Rac8 29.Qd3 Rf7 30.Re1 b6
31.Re4 Re8 32.Rc6 Qf5 33.Qc2 Ree7 34.Rec4 Qxc2 35.Rxc2 Kf8 36.Kf1 Ke8 37.Ke2 Kd8
38.R2c4 Rd7 39.b4 a4 40.Rc2 Rf8 41.g4 Rf4 42.g5 Bg7 43.Bg3 Rf5 44.Bf2 Rf4
45.R2c4 Rdf7 46.Be3 Rxc4 47.Rxc4 Kd7 48.Re4 Rf5 49.Bc1 Bf8 50.Ke3 Bg7 51.Rc4 Bf8
52.Ke4 Be7 53.Rc2 Bf8 54.Re2 Bg7 55.Rc2 Bf8 56.Rc4 Bg7  1/2-1/2

[Event "Stara Pazova"]
[Site "Stara Pazova"]
[Date "1988.??.??"]
[Round "9"]
[White "Romanishin, Oleg M"]
[Black "Doljanin, Tomislav"]
[Result "1-0"]
[WhiteElo "2550"]
[BlackElo "2255"]

1.c4 Nf6 2.Nc3 g6 3.Nf3 Bg7 4.e4 d6 5.d4 O-O 6.Be2 e5 7.Be3 Nc6 8.d5 Ne7
9.Nd2 Nd7 10.f3 f5 11.Qc2 Kh8 12.O-O-O c5 13.dxc6 bxc6 14.Nb3 Nf6 15.Bc5 Ne8
16.Bxd6 Nxd6 17.c5 fxe4 18.Rxd6 Qc7 19.fxe4 Rf2 20.Qd1 Rf8 21.h4 Ng8 22.h5 g5
23.Bg4 h6 24.Bxc8 Raxc8 25.Rd7 Rfd8 26.Rxc7 Rxd1+ 27.Rxd1 Rxc7 28.Rd6 Nf6
29.Na5 Nxh5 30.Rxc6 Rxc6 31.Nxc6 Nf4 32.Nxa7 Nd3+ 33.Kd2 Nxc5 34.b4 Nb7 35.Nc6 Bf8
36.Nd5 h5 37.Nxe5 Kg7 38.Nd7 h4 39.Nxf8 Kxf8 40.Ne3  1-0

[Event "Rilton Cup"]
[Site "Stockholm"]
[Date "1988.??.??"]
[Round "?"]
[White "Pritchett, Craig William"]
[Black "Hausner, Ivan"]
[Result "1-0"]
[WhiteElo "2400"]
[BlackElo "2435"]

1.d4 d6 2.c4 g6 3.Nc3 Bg7 4.e4 Nd7 5.Nf3 e5 6.Be2 Ngf6 7.O-O O-O 8.Be3 c6
9.d5 c5 10.Ne1 Ne8 11.a3 f5 12.f3 f4 13.Bf2 g5 14.g4 h5 15.h3 Rf7 16.b4 b6
17.Nd3 Bf8 18.Kg2 Rh7 19.Rh1 Ndf6 20.Qb3 Qe7 21.Rag1 Qg7 22.a4 Qg6 23.a5 hxg4
24.hxg4 Rxh1 25.Rxh1 Nxg4 26.fxg4 Nf6 27.Qd1 Nxe4 28.Nxe4 Qxe4+ 29.Bf3 Qxc4
30.Nb2 Qxb4 31.Qc2 e4 32.Bxe4 Bg7 33.Nc4 bxa5 34.Bh7+ Kf8 35.Qg6 f3+ 36.Kg1 Bd7
37.Qxd6+ Ke8 38.Bg6+ Kd8 39.Bf5  1-0

[Event "Rilton Cup"]
[Site "Stockholm"]
[Date "1988.??.??"]
[Round "?"]
[White "Pritchett, Craig William"]
[Black "Vogt, Lothar"]
[Result "0-1"]
[WhiteElo "2400"]
[BlackElo "2485"]

1.d4 Nf6 2.Nf3 g6 3.c4 Bg7 4.Nc3 O-O 5.e4 d6 6.Be2 e5 7.Be3 h6 8.O-O Ng4
9.Bc1 Nc6 10.d5 Ne7 11.Nd2 f5 12.Bxg4 fxg4 13.b4 Bd7 14.c5 a5 15.Ba3 Nc8
16.Nc4 axb4 17.Bxb4 Rf6 18.c6 bxc6 19.dxc6 Bxc6 20.Nxe5 Bb7 21.Nxg4 Rf7 22.Rc1 Nb6
23.Nd5 Nxd5 24.exd5 Qg5 25.Ne3 Rxa2 26.Rc2 Ra1 27.Qd2 Rxf1+ 28.Kxf1 Be5 29.Bc3 Bxh2
30.Qd4 Ba6+ 31.Ke1 Be5 32.Qa4 Rxf2 33.Rxf2 Qxe3+ 34.Kd1 Qxf2 35.Bxe5 Be2+
36.Kc1 Qe3+ 37.Kc2 Qxe5  0-1

[Event "Rilton Cup"]
[Site "Stockholm"]
[Date "1988.??.??"]
[Round "?"]
[White "Carlhammar, Magnus"]
[Black "Vogt, Lothar"]
[Result "0-1"]
[WhiteElo "2245"]
[BlackElo "2485"]

1.d4 Nf6 2.c4 g6 3.Nc3 Bg7 4.e4 d6 5.Be2 O-O 6.Nf3 e5 7.O-O Nbd7 8.Be3 c6
9.d5 Ng4 10.Bg5 f6 11.Bd2 c5 12.Qc1 f5 13.Ng5 Ndf6 14.exf5 gxf5 15.h3 Nh6
16.Ne6 Bxe6 17.Bxh6 Bd7 18.Bxg7 Kxg7 19.f4 Qe7 20.Qd2 Kh8 21.Rae1 Rg8 22.Kh1 Rg3
23.Rf3 Qg7 24.Rxg3 Qxg3 25.Bf3 e4 26.Bd1 Rg8 27.Rf1 a6 28.a4 h5 29.Qf2 h4
30.Qxg3 Rxg3 31.Be2 Be8 32.Rc1 Bh5 33.Bf1 Nd7 34.Kg1 Nf8 35.Rc2 Ng6 36.Be2 Nxf4
37.Bxh5 Nxh5 38.Rf2 Rg5 39.a5 e3 40.Rf3 f4 41.Ne2 Re5 42.Kf1 Re4 43.b3 Kg7
44.Ke1 Kf6 45.Kd1 Ke5  0-1

[Event "Rilton Cup"]
[Site "Stockholm"]
[Date "1988.??.??"]
[Round "?"]
[White "Schlemmermeyer, Wilhelm"]
[Black "Winsnes, Rikard"]
[Result "0-1"]
[WhiteElo "2265"]
[BlackElo "2350"]

1.d4 Nf6 2.c4 g6 3.Nc3 Bg7 4.e4 d6 5.Be2 O-O 6.Nf3 e5 7.O-O Nbd7 8.Re1 c6
9.Bf1 exd4 10.Nxd4 Ng4 11.h3 Qb6 12.hxg4 Qxd4 13.Be3 Qxd1 14.Raxd1 Ne5 15.Rxd6 Be6
16.c5 Nxg4 17.Bd4 Ne5 18.f4 Nd7 19.Bxg7 Kxg7 20.b4 a5 21.a3 axb4 22.axb4 Nf6
23.Bd3 Ra3 24.Ne2 Re8 25.Rd4 Bg4 26.Kf2 h5 27.e5 Nd5 28.Be4 Nc7 29.g3 Rea8
30.Rd2 Rb3 31.Rb1 Raa3 32.Nd4 Rxg3 33.b5 Nd5 34.Bxd5 cxd5 35.Rdb2 h4 36.Rb3 Ra2+
37.R1b2 Rxb3 38.Rxa2 Rb4 39.Ke3 h3 40.Rc2 Ra4 41.c6 bxc6 42.bxc6 Ra3+ 43.Kf2 Rd3
44.Nb5 Bd1 45.Rc3 h2 46.Kg2 Rd2+ 47.Kh1 d4 48.Rh3 Bc2 49.Rxh2 Be4+ 50.Kg1 Rd1+
51.Kf2 Bxc6 52.Nd6 Rd3 53.Ke1 Rg3 54.Rf2 Ra3 55.Rc2 Bf3 56.Rc7 d3 57.Kd2 Be2
58.Ne8+ Kh6 59.Rc1 Ra2+ 60.Ke3 d2 61.Rh1+ Bh5  0-1

[Event "Rilton Cup"]
[Site "Stockholm"]
[Date "1988.??.??"]
[Round "?"]
[White "Astrom, Robert"]
[Black "Cramling, Dan"]
[Result "0-1"]
[WhiteElo "2260"]
[BlackElo "2435"]

1.d4 g6 2.c4 d6 3.Nc3 Bg7 4.e4 Nd7 5.Nf3 e5 6.Be2 Ngf6 7.O-O O-O 8.Qc2 c6
9.d5 a5 10.Be3 Ng4 11.Bg5 f6 12.Bd2 f5 13.exf5 gxf5 14.Ng5 Ndf6 15.h3 Nh6
16.Rad1 Kh8 17.Bc1 Nhg8 18.c5 h6 19.Nf3 e4 20.Nh4 Ne7 21.Bf4 Nexd5 22.Ng6+ Kg8
23.Bxd6 Re8 24.Bc4 Be6 25.Qb3 b5 26.Bxd5 Nxd5 27.Nxd5 Bxd5 28.Rxd5 a4 29.Qd1 cxd5
30.Qxd5+ Kh7 31.Qxf5 Qf6 32.Nf8+ Kg8 33.Qh7+ Kf7 34.Re1 Rxf8 35.Qxe4 Rfe8
36.Qd5+ Kg6 37.Re4 Kh7 38.Qd3 Qg6 39.f3 Rxe4 40.fxe4 Rg8 41.c6 Bd4+  0-1

[Event "Rilton Cup"]
[Site "Stockholm"]
[Date "1988.??.??"]
[Round "?"]
[White "Larsson, Per"]
[Black "Kotronias, Vasilios"]
[Result "0-1"]
[WhiteElo "2320"]
[BlackElo "2550"]

1.Nf3 Nf6 2.c4 g6 3.Nc3 Bg7 4.e4 d6 5.d4 O-O 6.Be2 Nbd7 7.O-O e5 8.Re1 c6
9.Bf1 exd4 10.Nxd4 Ng4 11.Qxg4 Bxd4 12.Qd1 Qf6 13.Be3 Bxe3 14.Rxe3 Ne5 15.Qd2 Be6
16.b3 h5 17.Be2 Rad8 18.Rf1 g5 19.Rg3 Bg4 20.h3 Qf4 21.Qc1 f5 22.exf5 Qxc1
23.Rxc1 Bxe2 24.Rxg5+ Kf7 25.Nxe2 h4 26.Rd1 d5 27.cxd5 Rxd5 28.Rxd5 cxd5
29.f6 Re8 30.Kf1 Kxf6 31.Rh5 Ng6 32.Rh7 Rd8 33.Nd4 Rc8 34.g3 hxg3 35.fxg3 Ke5
36.Ne2 Ke4 37.Rxb7 a5 38.Rg7 Ne5 39.Rh7 Rc2 40.a4 Rb2 41.Re7 Rxb3 42.h4 d4
43.Ke1 Re3 44.Kd2 Kd5 45.Nf4+ Kc4 46.Rc7+ Kb3 47.Rb7+ Kxa4 48.Ne2 Ka3 49.Nc1 Nc4+
50.Kd1 Rxg3 51.h5 Rh3 52.Rd7 Rh2 53.h6 Ne3+ 54.Ke1 Rxh6 55.Ne2 Rh1+ 56.Kf2 Rf1+
57.Kg3 Nc2 58.Nxd4 Nxd4 59.Rxd4 a4 60.Rd8 Ka2 61.Kg2 Rf4  0-1

[Event "SWZ-ch"]
[Site "?"]
[Date "1988.??.??"]
[Round "?"]
[White "Huss, Andreas"]
[Black "Nemet, Ivan"]
[Result "1-0"]
[WhiteElo "2360"]
[BlackElo "2425"]

1.d4 Nf6 2.Nf3 g6 3.c4 Bg7 4.Nc3 O-O 5.e4 d6 6.Be2 e5 7.d5 a5 8.O-O Na6 9.Ne1 Nc5
10.Qc2 Nh5 11.Bxh5 gxh5 12.Nd3 Nxd3 13.Qxd3 f5 14.exf5 Bxf5 15.Qe2 Qh4 16.Be3 e4
17.f4 exf3 18.Rxf3 Be5 19.h3 Bd3 20.Qxd3 Rxf3 21.gxf3 Qg3+ 22.Kf1 Re8 23.Qe4 Qxh3+
24.Ke2 Kf8 25.Rg1 Re7 26.Bh6+ Ke8 27.Rg8+ Kd7 28.Bg5 Bf6 29.Rd8+  1-0

[Event "SWZ-ch"]
[Site "?"]
[Date "1988.??.??"]
[Round "?"]
[White "Huss, Andreas"]
[Black "Gerber, Richard"]
[Result "0-1"]
[WhiteElo "2360"]
[BlackElo "2370"]

1.d4 Nf6 2.Nf3 g6 3.c4 Bg7 4.Nc3 O-O 5.e4 d6 6.Be2 Nbd7 7.O-O e5 8.d5 Nc5
9.Qc2 a5 10.Bg5 h6 11.Be3 Ng4 12.Bxc5 dxc5 13.h3 Nf6 14.Nxe5 Nxd5 15.cxd5 Bxe5
16.f4 Bd4+ 17.Kh2 c6 18.dxc6 bxc6 19.Bc4 Rb8 20.Rad1 Qh4 21.b3 Be3 22.Ne2 Bg4
23.Rd6 Bxe2 24.g3 Bxf1 25.gxh4 Bxf4+ 26.Kg1 Bxc4 27.Rxc6 Bb5 28.Rf6 Be3+
29.Kg2 Rbd8 30.Kg3 Rd2 31.Qc3 Rd3  0-1

[Event "SWZ-HUN"]
[Site "?"]
[Date "1988.??.??"]
[Round "?"]
[White "Arnold, Ferenc"]
[Black "Spycher, B."]
[Result "1/2-1/2"]
[WhiteElo "2330"]
[BlackElo "2245"]

1.d4 Nf6 2.Nf3 g6 3.c4 Bg7 4.Nc3 d6 5.e4 O-O 6.Be2 e5 7.dxe5 dxe5 8.Qxd8 Rxd8
9.Bg5 Re8 10.Nd5 Nxd5 11.cxd5 c6 12.Bc4 cxd5 13.Bxd5 Na6 14.O-O-O Nb4 15.Bb3 a5
16.a3 a4 17.Bc4 Nc6 18.Be3 Be6 19.Bxe6 Rxe6 20.Rd7 Na5 21.Kb1 b5 22.Ng5 Rc6
23.Rhd1 f6 24.Rd8+ Rxd8 25.Rxd8+ Bf8 26.Nxh7 Kxh7 27.Rxf8 Nc4 28.Rf7+ Kg8
29.Rb7 Nxe3 30.fxe3 Rc5 31.g4 Rc4 32.Rxb5 Rxe4 33.Rb4 Rxe3 34.Rxa4 Re1+ 35.Ka2 e4
36.b4 e3 37.b5 f5 38.b6 e2 39.Rb4 Ra1+ 40.Kxa1 e1=Q+ 41.Ka2 Qd2+ 42.Ka1  1/2-1/2

[Event "URS Cup rapid"]
[Site "Tallinn"]
[Date "1988.??.??"]
[Round "7"]
[White "Kveinys, Aloyzas"]
[Black "Itkis, Boris"]
[Result "0-1"]
[WhiteElo "2345"]
[BlackElo "2295"]

1.d4 g6 2.c4 Bg7 3.Nc3 Nf6 4.e4 d6 5.Nf3 O-O 6.Be2 Nbd7 7.O-O e5 8.Be3 Qe7
9.Qc2 exd4 10.Bxd4 c6 11.Rfe1 Re8 12.Bf1 Ne5 13.Nd2 Nh5 14.f3 f5 15.Rad1 f4
16.b4 g5 17.c5 g4 18.cxd6 Qxd6 19.Bxe5 Qxe5 20.Na4 Qd4+ 21.Kh1 Ng3+ 22.hxg3 Re5
23.Qc4+ Kh8 24.fxg4 Bxg4 25.Nf3 Rh5+ 26.Nh4 Qxc4 27.Bxc4 Bxd1 28.Rxd1 fxg3
29.Nc5 Rxh4+ 30.Kg1 b6  0-1

[Event "Tbilisi"]
[Site "Tbilisi"]
[Date "1988.??.??"]
[Round "?"]
[White "Conquest, Stuart"]
[Black "Kozul, Zdenko"]
[Result "1-0"]
[WhiteElo "2490"]
[BlackElo "2505"]

1.d4 Nf6 2.c4 g6 3.Nc3 Bg7 4.e4 d6 5.Nf3 O-O 6.Be2 e5 7.Be3 Qe7 8.d5 Ng4
9.Bg5 f6 10.Bh4 Nh6 11.Nd2 a5 12.f3 Bd7 13.g4 Nf7 14.Bd3 Ng5 15.h3 Na6 16.Qe2 Nc5
17.Bc2 c6 18.Bf2 cxd5 19.cxd5 b5 20.Nxb5 Bxb5 21.Qxb5 Rfb8 22.Qc4 Rc8 23.Qf1 Qb7
24.Rb1 Nce6 25.Bd1 Nf4 26.h4 Nf7 27.a3 a4 28.Be3 Bh6 29.Kf2 Ra5 30.Nc4 Ra6
31.b4 axb3 32.Bxb3 Qc7 33.Qd1 Ra4 34.Rc1 Raa8 35.Qd2 Qe7 36.a4 Rcb8 37.Qc2 Rb4
38.a5 Rc8 39.a6 f5 40.exf5 gxf5 41.g5 Bg7 42.Qxf5 Ra8 43.Na5 Qe8 44.Bc2 Qb5
45.Qxh7+ Kf8 46.Rhe1 Qxa5 47.Qf5 Qd8 48.Be4 Rb2+ 49.Kf1 Ng2 50.g6 Qf6 51.Qxf6 Bxf6
52.gxf7 Nxe1 53.Rxe1 Bxh4 54.Ra1 Kxf7 55.a7 Bd8 56.Ra6 Bc7 57.Bf5 Ke7 58.Bg5+ Ke8
59.Be3 Rb5 60.Be6  1-0

[Event "Tel Aviv"]
[Site "Tel Aviv"]
[Date "1988.??.??"]
[Round "?"]
[White "Blees, Albert"]
[Black "Liberzon, Vladimir M"]
[Result "1/2-1/2"]
[WhiteElo "2390"]
[BlackElo "2460"]

1.d4 Nf6 2.c4 g6 3.Nc3 Bg7 4.e4 d6 5.Nf3 O-O 6.Be2 Nbd7 7.O-O e5 8.Qc2 c6
9.Rd1 Qe7 10.Bg5 h6 11.Bh4 g5 12.Bg3 Nh5 13.dxe5 dxe5 14.Nd2 Nxg3 15.hxg3 Nc5
16.Nf1 f5 17.exf5 Bxf5 18.Qc1 e4 19.Qe3 Rae8 20.Rd2 Bg6 21.Rad1 b6 22.Rd6 Rf6
23.Rxf6 Qxf6 24.g4 Rd8 25.Ng3 Rxd1+ 26.Nxd1 Qf4 27.b4 Ne6 28.c5 b5 29.Qb3 Bf7
30.Qb1 Nd4 31.Ne3 Bg6 32.Bd1 Qe5 33.Nh5 Bxh5  1/2-1/2